Social clubs and social networks (Record no. 517971)

000 -LEADER
fixed length control field 01102nam a22001457a 4500
008 - FIXED-LENGTH DATA ELEMENTS--GENERAL INFORMATION
fixed length control field 210806b ||||| |||| 00| 0 eng d
100 ## - MAIN ENTRY--PERSONAL NAME
Personal name Fershtman, Chaim and Persitz, Dotan
245 ## - TITLE STATEMENT
Title Social clubs and social networks
260 ## - PUBLICATION, DISTRIBUTION, ETC. (IMPRINT)
Place of publication, distribution, etc American Economic Journal: Microeconomics
300 ## - PHYSICAL DESCRIPTION
Extent 13(1), Feb, 2021: p.224-251
520 ## - SUMMARY, ETC.
Summary, etc We present a strategic network formation model based on membership in clubs. Individuals choose affiliations. The set of all memberships induces a weighted network where two individuals are directly connected if they share a club. Two individuals may also be indirectly connected using multiple memberships of third parties. Individuals gain from their position in the induced network and pay membership fees. We study the club congestion model where the weight of a link decreases with the size of the smallest shared club. A trade-off emerges between the size of clubs, the depreciation of indirect connections, and the membership fee. – Reproduced
773 ## - HOST ITEM ENTRY
Main entry heading American Economic Journal: Microeconomics
906 ## - LOCAL DATA ELEMENT F, LDF (RLIN)
Subject DIP SOCIAL NETWORKS
942 ## - ADDED ENTRY ELEMENTS (KOHA)
Item type Articles
Holdings
Withdrawn status Lost status Source of classification or shelving scheme Damaged status Not for loan Permanent location Current location Date acquired Serial Enumeration / chronology Barcode Date last seen Koha item type
          Indian Institute of Public Administration Indian Institute of Public Administration 2021-08-06 13(1), Feb, 2021: p.224-251 AR125190 2021-08-06 Articles

Powered by Koha